00301nam a2200121Ia 4500008004100000100002000041245005300061260001200114260001100126260000900137300000700146650002600153160226s9999 xx 000 0 und d10aAthukorala,N.P. aEffective Learning Teaching Assesment Techniques aColombo bIchemc c2015 a22 a Assesment Techniques